|
|
|
|
| LEADER |
00000nam0a2200000 4500 |
| 001 |
314791 |
| 005 |
20231102002719.0 |
| 010 |
|
|
|a 9785160043647
|
| 035 |
|
|
|a (RuTPU)RU\TPU\book\340222
|
| 090 |
|
|
|a 314791
|
| 100 |
|
|
|a 20160219d2016 k y0rusy50 ca
|
| 101 |
0 |
|
|a rus
|
| 102 |
|
|
|a RU
|
| 105 |
|
|
|a a z 001zy
|
| 200 |
1 |
|
|a Риски организации и внутренний экономический контроль
|e монография
|f Т. Ю. Серебрякова
|
| 210 |
|
|
|a Москва
|c Инфра-М
|d 2016
|
| 215 |
|
|
|a 110 с.
|c ил.
|
| 225 |
1 |
|
|a Научная мысль
|
| 225 |
1 |
|
|a Экономика
|
| 320 |
|
|
|a Библиогр.: с. 90-98.
|
| 330 |
|
|
|a В монографии освещены концепции внутреннего контроля в целях снижения рисков организации, значение таких функций, как учет и анализ для внутреннего контроля организаций, методологические и методические аспекты внутреннего экономического контроля информационных основ контроля: бухгалтерского учета и анализа. Для специалистов, студентов, аспирантов и докторантов и практических работников, занимающихся проблематикой и организацией внутреннего контроля.
|
| 606 |
1 |
|
|a Промышленные предприятия
|x Ревизия и контроль
|x Финансовый анализ
|2 stltpush
|3 (RuTPU)RU\TPU\subj\52660
|9 71066
|
| 610 |
1 |
|
|a организации
|
| 610 |
1 |
|
|a внутренний контроль
|
| 610 |
1 |
|
|a экономический контроль
|
| 610 |
1 |
|
|a риски
|
| 610 |
1 |
|
|a хозяйственная деятельность
|
| 610 |
1 |
|
|a категории
|
| 610 |
1 |
|
|a функции
|
| 610 |
1 |
|
|a методология
|
| 610 |
1 |
|
|a монографии
|
| 675 |
|
|
|a 657.6
|v 4
|
| 700 |
|
1 |
|a Серебрякова
|b Т. Ю.
|g Татьяна Юрьевна
|
| 801 |
|
1 |
|a RU
|b 63413507
|c 20160219
|
| 801 |
|
2 |
|a RU
|b 63413507
|c 20160404
|g RCR
|
| 900 |
|
|
|a Аудит
|
| 900 |
|
|
|a Экономика
|
| 942 |
|
|
|c BK
|
| 959 |
|
|
|a 19/20160212
|d 1
|e 290,00
|f ЧЗГЛ:1
|